000 00680cam a2200217 a 4500
001 000010379
005 20200929162227.0
008 780315s1969 ve 000 1 spa
040 _aDO-SdBNP
_bspa
_cICU
_dBNPHU
082 _aC868.44
_bA674n
100 1 _aArciniegas, German,
_d1900-1999.
_925387
245 1 0 _aNuevo diario de Noé /
_cGermán Arciniegas.
260 _aCaracas :
_bMonte Avilas Editores,
_c1969.
300 _a18 p. ;
_c18 cm.
490 1 _aContinente
650 4 _aLiteratura colombiana
_xColecciones de escritos
_925388
600 1 4 _aARCINIEGAS, GERMAN,
_d1900-1999
_925389
830 0 _aContinente
_95070
910 _aCatalogación derivada
049 _aBNGR
999 _c10138
_d10138